000 00754nam a2200181Ia 4500
008 151202s9999||||xx |||||||||||||| ||und||
082 _bPNVM-72755
100 _aठाकरे केशव सीताराम प्रबोधनकार.
245 _aदगलबाज शिवाजी.
260 _bनवता बुक वर्ल्ड मुंबई पूर्व.
260 _c72691
300 _a39
600 _aठाकरे केशव सीताराम प्रबोधनकार.
630 _aदगलबाज शिवाजी.
700 _aठाकरे केशव सीताराम प्रबोधनकार.
730 _aदगलबाज शिवाजी.
942 _cBOOK
999 _c1339420
_d1339417